000 00765nam a22002297a 4500
005 20141010171503.0
010 _aBAC-EN21/ENG-107486
020 _a9788184002058
_c499.00
035 _aEN-91019
037 _bPansy Books/Ven
037 _bDBAD/PUB
082 _a658.4063
100 _aRadjou, Navi
245 _aJugaad innovation :
_cby Navi Radjou, Jaideep Prabhu [and] Simone Ahuja
_ba frugal and flexible approach to innovation foe the 21st century /
260 _aNoida
_bRandom House
_c2012
270 _aIt Park, 7th FloorTower-B,A-1 Sector-125
_bNoida
_e201301
300 _axv,317p.
_c23cm(Hb)
700 _aJaideep Prabhu
700 _aAhuja,Simone
942 _2ddc
_cEN
_mRAD
_h658.4063
999 _c76382
_d76382